| 000 | 00000nam##2200000za#4500 |
| 001 | 9.698534 |
| 003 | CaOODSP |
| 005 | 20210624235955 |
| 007 | cr ||||||||||| |
| 008 | 150407|1996||||xxc|||||o f|0| 0 eng|d |
| 040 | |aCaOODSP|beng |
| 043 | |an-cn--- |
| 086 | 1 |aM22-123/1996E-PDF |
| 110 | 1 |aCanada. |bNatural Resources Canada. |
| 245 | 14|aThe federal governments's response to the interim report of the Standing Committee on Natural Resources : |h[electronic resource]|bstreamlining environmental regulation for mining |
| 260 | |aOttawa - Ontario : |bNatural Resources Canada |c1996. |
| 300 | |a24p. |
| 500 | |aTabled in the House of Commons. |
| 500 | |aThe catalogue number (M22-123/1996) and ISBN (0-662-62442-4) for the bilingual print edition have been incorrectly copied in this electronic publication. |
| 590 | |a13-24-Supp|b2013-10-18 |
| 690 | 07|aMining industry|2gcpds |
| 775 | 08|tRéponse du gouvernement fédéral au rapport provisoire du Comité permanent des ressources naturelles intitulé : |w(CaOODSP)9.642541 |
| 776 | 0#|tThe federal governments's response to the interim report of the Standing Committee on Natural Resources: Streamlining environmental regulation for mining / |w(CaOODSP)9.658563 |
| 776 | 0#|tRéponse du gouvernement fédéral au rapport provisoire du Comité permanent des ressources naturelles intitulé Rationalisation de la réglementation environnementale régissant l'exploitation minière / |w(CaOODSP)9.658564 |
| 856 | 40|ahttp://publications.gc.ca|qPDF|s64 KB|uhttps://publications.gc.ca/collections/collection_2013/rncan-nrcan/M22-123-1996-eng.pdf |